000 00952nas a2200325 4500
001 BR0105276
003 BR-BrBNA
005 20231205102557.0
007 ta
008 230509b bl.|||p| |||| 00| 00por d
040 _aBR-BrBNA
_bpor
_cBiblioteca Nacional de Agricultura
041 _a(Pt)
072 _aJ11
100 1 _aMattiuz, B.H.
100 1 _aDoriguan, J.F.
245 1 _aEfeito de injurias mecanicas na firmeza e coloracao de goiabeira das cultivares Paluma e Pedro Sato
650 _aGoiaba
650 _aPolpa de Fruta
650 _aMaturacao
650 _aCorte
650 _aArmazenamento de Alimento
650 _aPos-Colheita
650 _aControle Termico
650 _aCor
650 _aVariedade
650 _aSao Paulo
773 0 _tRevista Brasileira de Fruticultura (Brazil)
_xISSN 0100-2945
_g(Aug 2001), v. 23(2) p. 277-281
_wBR0105276
909 _a202311
_bLúcia
_c55
_dLúcia Elande
942 _2AGRIS
_n0
_cANA
999 _c168251
_d168251